Ekonometryczne modelowanie funkcjonowania przedsiebiorstwa

Salvato in:
Dettagli Bibliografici
Autore principale: Barczak, Andrzej
Altri autori: Biolik, Józef, Klama, Regina
Natura: Libro
Lingua:polacco
Pubblicazione: Katowice Akademia Ekon. im. Karola Adamieckiego 1990
Edizione:1. wyd.
Serie:Prace naukowe
Tags: Aggiungi Tag
Nessun Tag, puoi essere il primo ad aggiungerne!!

MARC

LEADER 00000nam a2200000 4500
001 c028690
005 20221215130050.5
041 0 |a pol 
044 |a PL 
245 1 0 |a Ekonometryczne modelowanie funkcjonowania przedsiebiorstwa  |c Andrzej Barczak, Józef Biolik, Regina Klama 
250 |a 1. wyd. 
264 1 |a Katowice  |b Akademia Ekon. im. Karola Adamieckiego  |c 1990 
300 |a 93 s. 
490 1 |a Prace naukowe 
830 0 |a Prace naukowe 
100 1 |a Barczak, Andrzej 
700 1 |a Biolik, Józef 
700 1 |a Klama, Regina